Deutsche Städte auf Französisch - Statistiken

Allgemein
  • Dieses Quiz wurde 167 mal gespielt
  • Das Durchschnittsergebnis liegt bei 9 aus 15
Antwortstatistiken
Stadt auf Deutsch Und auf Französisch % Korrekt
Köln Cologne
86%
München Munich
83%
Bremen Brême
80%
Hamburg Hambourg
80%
Freiburg Fribourg
75%
Dresden Dresde
65%
Duisburg Duisbourg
63%
Frankfurt am Main Francfort-sur-le-Main
59%
Kassel Cassel
56%
Augsburg Augsbourg
55%
Nürnberg Nuremberg
52%
Hannover Hanovre
48%
Aachen Aix-la-Chapelle
45%
Brandenburg Brandebourg
45%
Trier Trèves
29%
Keine übereinstimmenden Quizze gefunden
Verteilung der Resultate
Anzahl Personen mit jedem Resultat
Perzentil nach korrekt beantworteten Fragen
Ihre Resultats-Entwicklung
Sie haben dieses Quiz noch nicht gespielt